000 00984nam a2200313 a 4500
003 MX-MxUPN
005 20240925063716.0
008 140401s2005 mx br 000 1 spa d
020 _a9681677587
035 _aUPN01000196754
040 _aMX-MxUPN
_bspa
_cMX-MxUPN
041 _aspa
_heng
050 4 _aPZ74.9
_bJ43
100 1 _aJeffers, Oliver,
_d1977-
_933690
245 1 0 _aCómo atrapar una estrella
250 _aPrimera edición
260 _aMéxico, D.F. :
_bFondo de Cultura Económica,
_c2005.
300 _a[30] páginas :
_bilustraciones
490 0 _aLos especiales de a la orilla del viento
534 _pTitulo original:
_tHow to catch a star
650 4 _aEstrellas
_vLiteratura infantil
_922891
650 4 _aImaginación en niños
_912146
650 4 _aLITERATURA INFANTIL AUSTRALIANA
_916242
700 1 _932768
_aLuján, Jorge
_etraducción
902 _bMaríaRobles/240924
905 _aInfantil
942 _2lcc
_cLIBRO
_n0
999 _c168855
_d168855